| 000 | 02456 a2200265 4500 | ||
|---|---|---|---|
| 001 | 2162214035926629 | ||
| 003 | UA-OsUOA | ||
| 005 | 20260226130156.0 | ||
| 008 | 260226b pl ||||| |||| 00| 0 pol d | ||
| 020 | _a9788377370483 | ||
| 040 |
_aUA-OsUOA _bukr _cUA-OsUOA _dUA-OsUOA |
||
| 041 | _apol | ||
| 080 | _a008 | ||
| 090 |
_a008 _bG60 |
||
| 100 |
_aGolka M. _923294 |
||
| 245 |
_aCywilizacja współczesna i globalne problemy _cMarian Golka |
||
| 260 |
_aWarszawa _bOficyna Naukowa _c2012 |
||
| 300 | _a506 s. | ||
| 490 | _aHoryzonty Cywilizacji | ||
| 520 | _aCywilizacja współczesna jest niejednoznaczna, skomplikowana, wieloaspektowa i niepewna; jest atrakcyjna, ale bywa i odpychająca; jest stworzona przez człowieka, lecz często odnosi się wrażenie, że pragnie nad nim zapanować, przyczyniając się do wielu problemów. Już w latach dwudziestych XX w. José Ortega y Gasset stwierdził, że cywilizacja współczesna jest wprost przygnieciona problemami. Cywilizacja współczesna i globalne problemy to książka powstała właśnie z zamysłem, by poddać refleksji główne z tych problemów. Jest ona panoramicznym spojrzeniem na to, czym jest współczesna cywilizacja zachodnia, jakie są jej najważniejsze cechy i jakie główne problemy i trendy w życiu ludzkim ona ewokuje oraz jaki jest jej wpływ na cywilizację globalną. Wreszcie, przywołuje najgłośniejsze niepokoje o los tej cywilizacji. Jest to autorska synteza łącząca liczne kwestie dotyczące współczesnego świata w skali globalnej. Przedstawia ujęcie socjologiczno-kulturoznawcze oraz antropologiczne, co sprawia, że w polu zainteresowań znajdują się najważniejsze problemy odczuwane przez człowieka współczesnego żyjącego na obszarze oddziaływania cywilizacji zachodniej - cywilizacji, która stała się głównym czynnikiem sprawczym globalizacji. Choć wymowa prezentowanej książki ma być przede wszystkim diagnostyczna, to zapewne słyszalna też jest w niej nuta przestrogi. Wspaniała cywilizacja współczesna nie jest ani w pełni niewinna, ani całkowicie bezpieczna. Jej rozwój i trwanie mogą więc wywoływać niepokoje, troski, obawy. Nie wolno ich ani pomijać, ani tym bardziej bagatelizować. | ||
| 650 |
_a008 Цивілізація. Культура. Прогрес _92214 |
||
| 942 |
_cBK _2udc |
||
| 955 | _a1 | ||
| 999 |
_c579720 _d579720 |
||